Statystyki dla Najdłuższe granice międzynarodowe

Kliknij tutaj aby rozwiązać quiz!

Ogólne statystyki

  • Ten quiz został rozwiązany 12 019 razy
  • Średni wynik to 18 z 26

Statystyki odpowiedzi

Kraj% Poprawnych
Rosja
100%
Stany Zjednoczone
99%
Chiny
99%
Kanada
98%
Meksyk
93%
Kazachstan
92%
Brazylia
91%
Indie
91%
Mongolia
91%
Argentyna
90%
Chile
88%
Pakistan
76%
Kolumbia
71%
Wenezuela
67%
Afganistan
66%
Boliwia
66%
Uzbekistan
61%
Demokratyczna
Republika Konga
59%
Kongo
53%
Bangladesz
51%
Mjanma
46%
Wietnam
46%
Laos
40%
Angola
37%
Mali
31%
Mauretania
26%

Rozkład punktacji

Percentyl według liczby udzielonych odpowiedzi

Procent ludzi z każdym wynikiem

Twoja historia wyników

Nie rozwiązałeś tego quizu